LEADER 00917nam a2200241 i 4500 001 991001740169707536 005 20020503153059.0 008 010104s1985 be ||| | fre 035 $ab1026615x-39ule_inst 035 $aEXGIL90729$9ExL 040 $aBiblioteca Interfacoltà$bita 082 0 $a848.91409 100 1 $aSmets, Paul F.$0229069 245 10$aAlbert Camus :$bdans le premier silence et au-delà ; suivi de Albert Camus, chroniqueur judiciaire à "Alger-Républicain" en 1939 /$cPaul F. Smets 260 $aBruxelles :$bGoemaere,$cc1985 300 $a212 p. ;$c18 cm. 600 14$aCamus, Albert 907 $a.b1026615x$b02-04-14$c27-06-02 912 $a991001740169707536 945 $aLE002 Fr. VIII A 38$g1$i2002000970091$lle002$o-$pE0.00$q-$rl$s- $t0$u0$v0$w0$x0$y.i10317284$z27-06-02 996 $aAlbert Camus$9211711 997 $aUNISALENTO 998 $ale002$b01-01-01$cm$da $e-$ffre$gbe $h0$i1 LEADER 03858nam 2200541 450 001 9910789363203321 005 20230803034709.0 010 $a0-309-26760-9 010 $a0-309-26758-7 035 $a(CKB)3710000000103220 035 $a(SSID)ssj0001048479 035 $a(PQKBManifestationID)11992779 035 $a(PQKBTitleCode)TC0001048479 035 $a(PQKBWorkID)10997140 035 $a(PQKB)10242699 035 $a(MiAaPQ)EBC3379078 035 $a(EXLCZ)993710000000103220 100 $a20130924h20132013 uy| 0 101 0 $aeng 135 $aurcnu|||||||| 181 $ctxt 182 $cc 183 $acr 200 00$aMaterials and manufacturing capabilities for sustaining defense systems $esummary of a workshop /$fRobert J. Katt, rapporteur ; Defense Materials Manufacturing and Infrastructure Standing Committee, Division on Engineering and Physical Sciences, National Research Council of the National Academies 210 1$aWashington :$cNational Academies Press,$d[2013] 210 4$d©2013 215 $a1 online resource (85 pages) $ccolor illustrations 300 $aBibliographic Level Mode of Issuance: Monograph 311 $a0-309-26757-9 311 $a0-309-26754-4 320 $aIncludes bibliographical references. 330 $a"The Standing Committee on Defense Materials Manufacturing and Infrastructure (DMMI) conducted a workshop on July 23-24, 2012, to share information and gather perspectives on issues concerning Materials and Manufacturing Capabilities for Sustaining Defense Systems. This workshop, held at the headquarters building of the National Academies, 2101 Constitution Avenue N.W., Washington D.C., was conducted according to the procedures of the National Research Council (NRC) for a convening activity. That is, all workshop participants including presenters, members of the DMMI standing committee, Reliance 21, invited guests, and visitors spoke as individuals, and no overall findings, conclusions, or recommendations were developed during or as a result of the workshop. All statements and views summarized in this publication are attributable only to those individuals who expressed them. It is worth noting that the sponsor, Reliance 21, is a Department of Defense group of professionals that was established to enable the DOD science and technology (S&T) community to work together to enhance Defense S&T programs, eliminate unwarranted duplication, and strengthen cooperation among the military services and other DOD agencies. The DMMI standing committee named a workshop planning group to develop the workshop agenda and decide on invited guests and presenters, in accordance with the statement of task approved by the Governing Board of the NRC. The planning group also consulted with the Reliance 21 materials and processing community of interest. The presentations and discussions during the workshop are summarized sequentially in the main part of this report. As an aid to readers, nine themes have been identified by the author that recurred in multiple presentations and discussions.-- Publisher's summary. 606 $aDefense industries$zUnited States$vCongresses 606 $aDefense industries$zUnited States$xManagement$vCongresses 606 $aDefense industries$zUnited States$xQuality control$vCongresses 615 0$aDefense industries 615 0$aDefense industries$xManagement 615 0$aDefense industries$xQuality control 676 $a338.4/735500973 702 $aKatt$b Robert J. 712 02$aNational Academies (U.S.).$bCommittee on Defense Materials Manufacturing and Infrastructure, 801 0$bMiAaPQ 801 1$bMiAaPQ 801 2$bMiAaPQ 906 $aBOOK 912 $a9910789363203321 996 $aMaterials and manufacturing capabilities for sustaining defense systems$93788894 997 $aUNINA LEADER 01022nas 2200397 c 450 001 9910892563403321 005 20260127110054.0 035 $a(DE-599)ZDB3159702-6 035 $a(OCoLC)1411695848 035 $a(DE-101)1292524073 035 $a(CKB)5850000000338667 035 $a(DE-599)3159702-6 035 $a(EXLCZ)995850000000338667 100 $a20230609a20229999 |y | 101 0 $abul 135 $aur||||||||||| 181 $ctxt$2rdacontent 182 $cc$2rdamedia 183 $acr$2rdacarrier 200 00$aIskam s?estica! 210 31$aSofija$cSofijski Universitet "Sv. Kliment Ochridski"$d[2022?]- 215 $aOnline-Ressource 311 08$a1314-2720 517 1 $aA way to straight-A 608 $aZeitschrift$2gnd-content 676 $a490 676 $a890 676 $a100 686 $aPHILOS$qDE-12$2fid 801 0$b0012 801 1$bDE-101 801 2$b9999 906 $aJOURNAL 912 $a9910892563403321 996 $aIskam s?estica$94441815 997 $aUNINA